แสดงรายละเอียดบรรณานุกรม
  กลับหน้าหลัก

Brief Record : Get Marc (ISO 2709) : E-mail record : QR code ปิดหน้าต่าง
หนังสืออ้างอิง E-books : เกี่ยวกับ Collections
LEADER 00000nam 2200000uu 4500
001    211356
003     ULIBM
008    020711s2559 th a 000 0 tha d
041    ^atha^beng
060  4 อ WX2.JT3 น184 2559
110    โรงพยาบาลนพรัตนราชธานี
245    34 ปี โรงพยาบาลนพรัตนราชธานี=^b34th Anniversary of nopparat rajathanee hospital/^cโรงพยาบาลนพรัตนราชธานี
246 31 ^a34th Anniversary of nopparat rajathanee hospital
260    กรุงเทพฯ :^bโรงพยาบาลนพรัตนราชธานี,^c2559
300    123 หน้า :^bภาพประกอบ ;^c30 ซม.
650  4 โรงพยาบาลนพรัตนราชธานี^xประวัติ
650  4 ^aโรงพยาบาลนพรัตนราชธานี^xการบริหาร
999    ^aใช้งานได้ทุกระบบ
รายการนี้ยังไม่มีแท็ก
คุณยังไม่ได้ล็อกอิน คุณสามารถมีกิจกรรมร่วมกับเว็บไซต์ได้ แต่ต้องล็อกอินก่อน ::
  ล็อกอิน
ลำดับที่ ประเภท เลขเรียก สถานที่ สถานะ
1. หนังสืออ้างอิง
หนังสืออ้างอิง
อ WX2.JT3 น184 2559  
  
ชั้นหนังสืออ้างอิง On Shelf
   [แสดง 1/1 รายการ]

BibComment


ยังไม่เคยถูกคอมเมนท์

คอมเมนท์ทรัพยากรรายการนี้
  คอมเมนท์: 34 ปี โรงพยาบาลนพ..
Bib 211356

 
 
 

 Union Library Management : ULibM
Copyright 2026. All Rights Reserved.
скачать бесплатно без регистрации порно красивый секс HD Sex Hindi sex

xxx gou

xxxx

bfxxx

xxxwww

Секса Видео

xxxx

Секса Видео

detube

geilexxx

C99 Shell

worms shell

blod xxx video
Ebony Coed Rihanna Rimes Takes A Dick In Her Young Twat priyaa indian fuck anal and pusssy hardcore indian women xxx desi hardcore fucking part 1 bengalixxxcouple